Quizzes
Events
Quiz Creation
Community
Videos
Private Events
Remove Ads
Sign In
Join for FREE
Feedback
Dark Mode
Quiz Categories
Sports
Geography
Music
Movies
Television
Just For Fun
Miscellaneous
History
Literature
Language
Science
Gaming
Entertainment
Religion
Holiday
For Kids
Quiz Lab
Recent
Popular Today
Quiz Kudos Today
Editor Picks
Curator Picks
Quizzes by...
Day
Popularity
Type
Ratings
Length
Year
Community
Subscriptions
Recent Discussions
Orange Saloon
Badges
Playlists
Quests
Create
Leaderboards
Showdown
Live 5
Trivia Bingo
Activity
Puzzle Library
Sporcle Events
Private Events
Virtual Trivia
Globe League
Become a Host
Pub Owners
SporcleCon
Opinionation
Our Games
Videos
Blog
Mobile Apps
Partnerships
Remove Ads and Go Orange
Feedback
Music
Pop Music
The Beatles
Song
Album
Lyrics
Bands
Singers
Artist
Clip
Rock
Rap
Classical
Billboard
Country Music
Kpop
Taylor Swift
Music
Pop Music
The Beatles
Song
Album
Lyrics
Bands
Singers
Artist
Clip
Rock
Rap
Classical
Billboard
Country Music
Kpop
Taylor Swift
Random Quiz
Search Sporcle
×
Curator Pick
Curator Pick
Music
Lyrics
Type in answers that appear in a list
Type in answers that appear in a list
Classic
Best Score? Go Orange.
Belle and Sebastian Songs by Opening Lyric Stats
Can you name the Belle and Sebastian songs from their opening lyrics?
By
fiendishthingy88
8m
25 Questions
665 Plays
665 Plays
665 Plays
Comments
Comments
Give Quiz Kudos
Give Quiz Kudos
-
- Ratings
hide this ad
Forced Order
Answers have to be entered in order
Answers have to be entered in order
Random Order
Randomize order of answers
Randomize order of answers
Replay
Link that replays current quiz
Next Quiz
Link to next quiz in quiz playlist
You Got
0%
They Got
Avg Score
46%
Avg Friend Score
Upgrade to see
Score Distribution
Jump to the score distribution portion of the page
Score
0/25
Timer
08:00
0
Plays Today
Opening Lyric
Song Title
% Correct
Elope with me, Miss Private, and we'll sail around the world
Piazza, New York Catcher
76.4%
I was surprised, I was happy for a day in 1975
The State I Am In
68.4%
We lay on the bed there, kissing just for practice
Seeing Other People
66.6%
Honey, loving you is the greatest thing, I get to be myself and I get to sing
Funny Little Frog
63.7%
Lisa's kissing men like a long walk home when the music stops
Like Dylan in the Movies
63.3%
Make a new cult every day to suit your affairs
The Stars of Track and Field
63%
Monday morning, wake up knowing that you've got to go to school
Expectations
62.5%
A mile and a half on a bus takes a long time
The Boy with the Arab Strap
61.5%
Look at the kid from school, he's teaching mamas and papas how to be a little cool
The Blues Are Still Blue
57.7%
She called me up today, 'Meet me down at the old café'
Step Into My Office, Baby
50.6%
I'm the singer, I'm the singer in the band
Dress Up in You
50.6%
I was choking on a corn flake, you said, 'Have some toast instead'
Stay Loose
47.6%
Working the village shop, putting a poster up, dreaming of anything, dreaming of the time when you are free from all the trouble you're in
Lazy Line Painter Jane
47.1%
Opening Lyric
Song Title
% Correct
Lovesick on a sunny afternoon, you are tired of staying in, you are waiting for a sign
Mayfly
46.1%
On a beech tree, rudely carved, 'NC loved me'
We Rule the School
43.1%
Hey people, looking out the window at the city below
The Rollercoaster Ride
38.2%
I'm lucky, I can open the door and I can walk down the street
Dirty Dream Number Two
36%
I know a spell that would make you well
Write About Love
34.6%
I will confess to you because you made me think about the times you turn the picture on to me and I'll turn over
The Model
34.6%
What a waste, I could have been your lover
Little Lou, Ugly Jack, Prophet John
29.6%
I could hang about and burn my fingers
There's Too Much Love
27%
There is misery in all I hear and see from the people on TV
Marx and Engels
26.1%
Since you went away, everything is looking great, I'm a little bored
You Don't Send Me
25.4%
Take a second of the day to think about the things that we have done this year
The Loneliness of a Middle Distance Runner
21.8%
If you want me, I'll be there, a boy to deal with all your problems
Simple Things
21.3%
Quiz Playlist
Details
Report
Send in Message
Add To Playlist
Classic:
Type in answers that appear in a list
Forced Order:
Answers have to be entered in order
Random Order:
Randomize order of answers
Last Updated: Feb 16, 2017
Curator Pick in
Lyrics
Quiz Scoreboard
CHALLENGE
Sign Up to Join the Scoreboard
Show All
Scores
Hide
Comments
May contain spoilers
Recently Published
1-10 Letter E Words III
by El_Dandy
Language
2m
One Thing in Common: World Cities II
by knightlancer
Geography
7m
Popular People in 1961
by mucciniale
History
6m
More to Explore
Quiz From the Vault
Featured Blog Post
Where Did the Easter Bunny Come From?
hide this ad
You Might Also Like...
Tags
Lyrics Quiz
Song Quiz
belle
Belle Sebastian
Opening Lyrics
Sebastian
Today's Top Quizzes in Music
Browse Music
hide this ad
Today's Top Quizzes in Lyrics
Browse Lyrics
Top Contributed Quizzes in Music
1
Taylor Swift All Songs (2024)
2
2010s Album by Cover III
3
Taylor Swift Logic Puzzle
4
One Thing in Common: Music
5
Guess the Artist- 70s Songs
6
Guess the Taylor Swift song (Mystery Song)
7
2010s Album by Cover V
8
2010s Album by Cover IV
9
Lana Del Rey Discography (BTD to DYKTTATUOB)
10
KPOP LOGIC QUIZ
Explore More
Trending Topics
Anime
Kpop
Marvel
Crossword
Disney
Harry Potter
NBA
WWE
Puzzle
The Office
Soccer
Country
NFL
Pokémon
Song
hide this ad
More By:
fiendishthingy88
Quiz
Plays
Rating
Category
Featured
Created
Figure Out the Beatles Lyrics III
344,702
4.19
Music
Dec 14, 2009
Figure Out the Beatles Lyrics
330,334
4.04
Music
Dec 15, 2009
Figure Out the Beatles Lyrics V
300,748
4.23
Music
Dec 15, 2009
Figure Out the Beatles Lyrics II
264,894
4.27
Music
Jan 1, 2010
Figure Out the Beatles Lyrics IV
220,896
4.33
Music
Apr 14, 2010
Go to Creator's Profile
Score Distribution
Quiz Creator Spotlight
fiendishthingy88
Follow
Send a Message
Quizzes Created
-
Created Quiz Play Count
-
More By This Creator
Popular Quizzes Today
1
Find the US States - No Outlines Minefield
2
The Countries of the World
3
Find the Countries of Europe - No Outlines Minefield
4
Popular People in 1961
5
1-10 Letter E Words III
6
Find the US States
7
One Thing in Common: World Cities II
8
US States
More Music Quizzes
East Coast or West Coast Rapper?
Published
Trending Quizzes
Risky Map Clicking: Least Populous States A-Z
1-10 Letter F Words
1-10 Letter G Words
One Thing in Common: United Kingdom
Risky Map Clicking: Next State Alphabetically
Recently Updated
Leaping Animals
pecheneg
Reality TV Shows (A-Z)
bhenderson79
Rickey Henderson's Hall of Fame Teammates
pecheneg
Champions League XIs: Arsenal
pecheneg
Quick Pick: Celebrities in WWE's Hall of Fame
aduchscher
A-Z Keypad Blitz II
pecheneg
Multiple Oscar Actors
pecheneg
Mystery Phrase Blitz: Oscar 'Best Actors'
pecheneg
F. Scott Fitzgerald Novels
LTH
Pick 3 Villains
ddd62291
Trending Topics
NBA
Crossword
Harry Potter
Kpop
Disney
Anime
Marvel
Pokémon
WWE
Country
NFL
The Office
Song
Soccer
Puzzle
Your Account Isn't Verified!
In order to create a playlist on Sporcle, you need to verify the email address you used during registration. Go to your
Sporcle Settings
to finish the process.
Report this User
Report this user for behavior that violates our
Community Guidelines
.
Details:
Send Report
Go to the Sporcle.com Mobile Site →
Comments